BIBLIOTHÈQUE DE LA MAISON DU MEXIQUE

Logo 1 Logo 2

Maya Terrakotten (notice nᵒ 1725)

détails MARC
000 -Sello discográfico
campo de control de longitud fija 00893nam a2200301 4500
005 - Identificación de versión
campo de control 20251017062850.0
035 ## - Otros números de control del sistema
Número de control del sistema 5703
099 ## - fechas locales
Tipo de ítem Koha LIBRO
100 ## - Datos de procesamiento general
Datos de procesamiento general 19970602d1960 m y1spay5003 ba
105 ## - Campo de datos codificados: Material textual, monográfico
Datos codificados de monografía a 001zy
200 1# - Título y mención de responsabilidad
Título propio Maya Terrakotten
Designación general del material texto impreso
Primer mención de responsabilidad Irmgard Groth Kimball
Declaración de responsabilidad subsiguiente introducción José Dane Kimball
210 ## - Publicación, distribución, etc.
Lugar de publicación, distribución, etc. Tübingen
Nombre del editor, distribuidor, etc. Verlag Ernst Wasmuth
Fecha de publicación, distribución, etc. 1960
215 ## - Descripción física
Designación de material específico y extensión del ítem 44 h
Otras características físicas fot.
Dimensiones 25 cm
300 ## - Notas generales
Texto de la nota Textos en alemán, inglés, francés y español
345 ## - Nota de información de adquisición
Fuente de adquisición/dirección de la suscripción [OBSOLETO] Donación
606 ## - Término temático usado como materia
Elemento de entrada Arte maya
Número Koha 4267
606 ## - Término temático usado como materia
Elemento de entrada Mayas
Subdivisión temática Antigüedades
Número Koha 940
660 ## - Código de área geográfica
Código MX
700 ## - Nombre personal - Responsabilidad primaria
Elemento de entrada Groth Kimball
Parte del nombre distinta del elemento de entrada Irmgard
Número Koha 4268
702 ## - Nombre personal - Responsabilidad secundaria
Elemento de entrada Dane Kimball
Parte del nombre distinta del elemento de entrada José
Número Koha 4269
801 #0 - Fuente de origen
Agencia cm
900 ## -
-- 1/14143
900 ## -
-- 710973627\\020697
942 ## - ELEMENTOS DE ENTRADA SECUNDARIOS (KOHA)
Tipo de ítem Koha Livre
996 ## -
-- MEX
-- 751145101
-- MMAG
-- 003022
-- 709.1 G881M
-- 20200929LIV
Exemplaires
Estatus retirado Estado de daño Estado de pérdida Fecha de adquisición Biblioteca de origen Biblioteca actual Ubicación en estantería Código de barras Precio de reemplazo Signatura topográfica completa No para préstamo Tipo de ítem Koha Nota pública Nota no pública
      05/08/2025 Casa México Paris Casa México Paris   003022 05/08/2025 709.1 G881M   Livre 20200929LIV 751145101